000 00766nam a2200229 a 4500
005 20240920063831.0
008 991125s1974 was 000 0 spa u
035 _aUPN01000025107
049 _aCG
050 4 _aLA556
_bS2.4
100 1 _aSander, Benno
_929947
245 1 0 _aFormalismo educacional en los países en desarrollo :
_bel caso brasileño /
_cBenno Sander, David K. Kline, Russell G. Davis.
260 _aWashington :
_bOEA,
_c1974.
300 _axii, 147 p.
440 0 _aBiblioteca educativa.
_pMonografía ;
_v1
500 _a"Programa Regional de Desarrollo Educativo"
650 4 _aEducación
_zBrasil
_99697
650 2 _aEducación formal
_99094
700 1 _aKline, David K.,
_ecoaut.
700 1 _aDavis, Russell G.,
_ecoaut.
905 _aLibro
999 _c25107
_d25107